La hija del judío (notice nᵒ 5296)
[ vue normale ]
| 000 -Sello discográfico | |
|---|---|
| campo de control de longitud fija | 00888nam0a2200277 4500 |
| 005 - Identificación de versión | |
| campo de control | 20251016084440.0 |
| 010 ## - Número Estándar Internacional de Libros (ISBN) | |
| Número (ISBN) | 978-968-834-902-1 (tomo II) |
| 035 ## - Otros números de control del sistema | |
| Número de control del sistema | 33372 |
| 099 ## - fechas locales | |
| Tipo de ítem Koha | LIBRO |
| 100 ## - Datos de procesamiento general | |
| Datos de procesamiento general | 20111031d20072003m y0spay5003 ba |
| 105 ## - Campo de datos codificados: Material textual, monográfico | |
| Datos codificados de monografía | a 001ay |
| 200 1# - Título y mención de responsabilidad | |
| Título propio | La hija del judío |
| Designación general del material | texto impreso |
| Otra información del título | II |
| Primer mención de responsabilidad | Justo Sierra O'Reilly |
| Declaración de responsabilidad subsiguiente | edición, introducción y notes Manuel Sol |
| 205 ## - Declaración de edición | |
| Declaración de edición | 1a ed |
| 210 ## - Publicación, distribución, etc. | |
| Lugar de publicación, distribución, etc. | México |
| Nombre del editor, distribuidor, etc. | Universidad Veracruzana |
| Fecha de publicación, distribución, etc. | 2008 |
| 215 ## - Descripción física | |
| Designación de material específico y extensión del ítem | 587-955 p |
| Otras características físicas | il. |
| Dimensiones | 23 cm |
| 345 ## - Nota de información de adquisición | |
| Fuente de adquisición/dirección de la suscripción [OBSOLETO] | Donación 'Salon du Livre 2009' |
| 410 #1 - Series | |
| Título | Clásicos Méxicanos |
| Número de volumen | 9 |
| 700 ## - Nombre personal - Responsabilidad primaria | |
| Elemento de entrada | Sierra O'Reilly |
| Parte del nombre distinta del elemento de entrada | Justo |
| Fechas | 1814-1861 |
| Número Koha | 4257 |
| 702 ## - Nombre personal - Responsabilidad secundaria | |
| Elemento de entrada | Sol |
| Parte del nombre distinta del elemento de entrada | Manuel |
| Fechas | 1946- |
| Número Koha | 10517 |
| 801 #0 - Fuente de origen | |
| País | FR |
| Agencia | cm |
| Reglas de catalogación (convenciones descriptivas) | AFNOR |
| 900 ## - | |
| -- | 1/20758 |
| 942 ## - ELEMENTOS DE ENTRADA SECUNDARIOS (KOHA) | |
| Tipo de ítem Koha | Livre |
| 996 ## - | |
| -- | MEX |
| -- | 751145101 |
| -- | MMAG |
| -- | 000674 |
| -- | 863.2 S572HJ V.2 |
| -- | 20111031LIV |
| Estatus retirado | Estado de daño | Estado de pérdida | Fecha de adquisición | Biblioteca de origen | Biblioteca actual | Ubicación en estantería | Código de barras | Precio de reemplazo | Signatura topográfica completa | No para préstamo | Tipo de ítem Koha | Nota pública | Nota no pública |
|---|---|---|---|---|---|---|---|---|---|---|---|---|---|
| 05/08/2025 | Casa México Paris | Casa México Paris | 000674 | 05/08/2025 | 863.2 S572HJ V.2 | Livre | 20111031LIV | 751145101 |